000 00774nam a2200253 i 4500
003 DO-SdBNP
005 20260630105607.0
007 ta
008 260630b1984 dr ac||| |||| 00| 0 spa d
040 _aDO-SdBNP
_bspa
_cBNPHU
_erda
041 _aspa
082 4 _axxx
_bxxx
_222
245 0 0 _aCuentos de espantos y aparecidos /
_ceditor, Veronica Uribe
264 4 _aSanto Domingo :
_bEditora Taller,
_c©1984.
300 _a89 páginas :
_bilustraciones, retratos ;
_c22 cm.
336 _atexto
_btxt
_2rdacontent
337 _asin mediación
_bn
_2rdamedia
338 _avolumen
_bnc
_2rdacarrier
490 0 _aCoedición Latinoamericana
_v3
590 _aInventariado, 2026/BT
700 1 _aUribe, Veronica,
_eeditor
_4ed.
_99053
910 _aBtavárez
942 _2ddc
_cLBS1
999 _c60974
_d60974